000 00513nam a2200193Ia 4500
999 _c30992
_d30992
001 30869
003 PK-LaUMT
005 20220902154340.0
008 140416s9999 xx 000 0 und d
020 _a0-8213-5936-3
040 _cPK-LaUMT
082 _aW 300.072
_bWOR-
110 _aWorld Bank
245 4 _aThe World Bank research program 2002-03
_babstracts of current studies
_cWorld Bank
260 _aWashington,USA:
_bWorld Bank,
_c2004
300 _a200 p.
546 _aEN
942 _cWEEDED OUT
_2ddc